Visualizzazione normale
Vista MARC
- Pani Massimiliano
di Personal Name
Records bibliografici associati: 1
001 - CONTROL NUMBER
- control field: 27219
003 - CONTROL NUMBER IDENTIFIER
- control field: IT-RoPau
005 - DATE AND TIME OF LATEST TRANSACTION
- control field: 20140527102403.0
008 - FIXED-LENGTH DATA ELEMENTS
- fixed length control field: 140527|| aca||aabn | a|a d
040 ## - CATALOGING SOURCE
- Original cataloging agency: IT-RoPau
- Transcribing agency: IT-RoPau
100 ## - HEADING--PERSONAL NAME
- Personal name: Pani Massimiliano
- Relator term: Autore
- Miscellaneous information: Codice autore SPICS: 18920
- Name of part/section of a work: Super Mario
670 ## - SOURCE DATA FOUND
- Source citation: Work cat.: (IT-RoPau)98988: Valeri Manera Antonio 24270, Fivelandia 8-Le più belle sigle originali dei tuoi amici in tv